Export performance : a case study of Thailand's rice, rubber and maize exports during 1966-1978 /

Bibliographic Details
Main Author: Suntayodom, Prasit
Format: Thesis Microform Book
Language:English
Published: [Place of publication not identified] : [publisher not identified] ; 1981.
Subjects:

MARC

Tag First Indicator Second Indicator Subfields
LEADER 00000cam a2200000 a 4500
001 in00000009436
005 20151007051537.0
007 he amb|||||||
008 880321r19811981miua bb 00010 eng d
035 |a (OCoLC)17664521 
035 |9 AAA3524AM 
040 |a TXA  |c TXA  |d UtOrBLW 
043 |a a-th--- 
049 |a TXAI 
099 |a fiche  |a C  |a 8595 
100 1 |a Suntayodom, Prasit. 
245 1 0 |a Export performance :  |b a case study of Thailand's rice, rubber and maize exports during 1966-1978 /  |c Prasit Suntayodom. 
264 1 |a [Place of publication not identified] :  |b [publisher not identified] ;  |c 1981. 
300 |a viii, 112 leaves :  |b illustrations 
336 |a text  |b txt  |2 rdacontent 
337 |a microform  |b h  |2 rdamedia 
338 |a microfiche  |b he  |2 rdacarrier 
502 |b Ph. D.  |c Clark University  |d 1981. 
504 |a Bibliography: leaves 104-112. 
533 |a Microfiche.  |b Ann Arbor, Mich. :  |c University Microfilms International,  |d 1981.  |e 2 microfiches ; 11 x 15 cm. 
500 |a Microform. 
651 0 |a Thailand  |x Commerce. 
999 |a MARS 
999 f f |s af285057-1f1c-3da3-95d2-c5c36e457f60  |i 83e2f2f7-a339-36fa-adc9-cc9b81e772df  |t 0 
952 f f |p normal  |a Texas A&M University  |b College Station  |c Sterling C. Evans Library  |d Evans: Microforms (3rd floor)  |t 0  |e fiche C 8595  |h Other scheme  |i microform -- microfiche  |m A14822823277 
998 f f |a fiche C 8595  |t 0  |l Evans: Microforms (3rd floor)